|
|
|
|
| LEADER |
00803cam a2200253ua 4500 |
| 008 |
060815t1995||||||||||| 001 ||eng c |
| 020 |
|
|
|a 81-208-1212-8
|
| 041 |
0 |
|
|a eng
|
| 082 |
|
|
|a 181.4
|b KAN/I
|
| 245 |
0 |
0 |
|a Integral non- dualism /
|
| 250 |
|
|
|a 1
|
| 260 |
|
|
|a Delhi:
|b Motilal Banarasidass,
|c 1995.
|
| 300 |
|
|
|a xiii,189p..
|
| 362 |
1 |
|
|a 1995.
|
| 365 |
|
|
|a Rs. 175/.
|e hb
|
| 500 |
|
|
|a Includes index.
|
| 504 |
|
|
|a .
|
| 650 |
|
|
|a Indian Philosophy
|
| 650 |
0 |
|
|a Philosopy
|
| 700 |
0 |
2 |
|a Kanshi Ram,
|
| 942 |
|
|
|c BK
|
| 999 |
|
|
|c 12241
|d 12241
|
| 952 |
|
|
|0 0
|1 0
|4 0
|6 181_400000000000000_KAN
|7 0
|9 12777
|a KUCL
|b KUCL
|d 2014-05-23
|l 0
|o 181.4 KAN/
|p 14120
|r 2014-05-23
|w 2014-05-23
|y BK
|
| 952 |
|
|
|0 0
|1 0
|4 0
|6 181_400000000000000_KAN
|7 0
|9 12778
|a KUCL
|b KUCL
|d 2014-05-23
|l 0
|o 181.4 KAN/
|p 27112
|r 2014-05-23
|w 2014-05-23
|y BK
|